| 000 | 00490nam a2200169 4500 | ||
|---|---|---|---|
| 001 | 140297 | ||
| 003 | ES-MaACL | ||
| 005 | 20230906200042.0 | ||
| 007 | t| | ||
| 008 | 070214s1913 it r ||||1| ita d | ||
| 100 | 1 |
_aSchupfer, Francesco. _9104820 |
|
| 245 | 1 | 3 |
_aIl Diritto Privato dei popoli germanici con speciale riguardo all'Italia / _cFrancesco Schupfer. |
| 250 | _a2ยช. ed. | ||
| 260 |
_aRoma : _bE. Loescher, _c1913. |
||
| 300 |
_a4 v. ; _c23 cm. |
||
| 852 |
_aES-MaACL _jD-2802-5 |
||
| 999 |
_c140297 _d140297 |
||